00732cam a22002411 4500001001300000003000400013005001700017008004100034010001700075025001900092043001200111050001800123082001600141100001500157245011100172250001400283260004400297300003000341350001600371504004100387650004500428999001700473sa 68005366 DLC20260227112508.0710915s1966 ii a b 00010 eng  asa 68005366  aPL480:I-E-8180 aa-ii---0 aS471.I32bM37 a630/.954/8210aRatnam, R.10aAgricultural development in Madras State prior to 1900,cby R. Ratnam. With a foreword by M. S. Sivaraman. a[1st ed.]0 aMadras,bNew Century Book Housec[1966] ax, 444 p.billus.c23 cm. aRs25a$7.50 aIncludes bibliographical references. 0aAgriculturezIndiazTamil NaduxHistory. c80695d80695